| 000 | 00457nam a2200145Ia 4500 | ||
|---|---|---|---|
| 008 | 140724s9999 xx 000 0 und d | ||
| 050 |
_aHB 615 _b.M314 2011 |
||
| 100 | _aMarcelino, Nielson Gramms M. | ||
| 245 |
_aPrintbox Co. / _cNielson Gramms M. Marcelino. |
||
| 260 |
_aLas PiƱas, Philippines : _bSouthville International School and Colleges, _cc2011. |
||
| 300 |
_a26 p. : _bill. ; _c28 cm. |
||
| 521 | _aEntrepeneur | ||
| 942 | _cTH | ||
| 999 |
_c228909 _d228909 |
||